LIBRARY & INFORMATION CENTRE, KCAET, TAVANUR

ONLINE PUBLIC ACCESS CATALOGUE (OPAC)

African Charithrathinte Rooparekha / (Record no. 713)

MARC details
000 -LEADER
fixed length control field 00340cam a2200121ua 4500
082 ## - DEWEY DECIMAL CLASSIFICATION NUMBER
Classification number 960
Item number SAV/AF
100 ## - MAIN ENTRY--AUTHOR NAME
Personal name Savelyev, Y .
245 ## - TITLE STATEMENT
Title African Charithrathinte Rooparekha /
260 ## - PUBLICATION, DISTRIBUTION, ETC. (IMPRINT)
Place of publication Trivandrum :
Name of publisher Prabhatham Printing and Publishing Co. Pvt. Ltd. ,
Year of publication 1966.
300 ## - PHYSICAL DESCRIPTION
Number of Pages 195 ; .
700 1# - ADDED ENTRY--PERSONAL NAME
Personal name Vasilyev, G .
942 ## - ADDED ENTRY ELEMENTS (KOHA)
Koha item type Books
Holdings
Withdrawn status Lost status Damaged status Home library Current library Date acquired Full call number Accession Number Koha item type
Withdrawn     KAUAET Malayalam University 07/04/2012 960 11253 Books
free website counter